ARRUPE JESUIT UNIVERSITY

CORONAVIRUS -STOP THE SPREAD - CLEAN,DISINFECT,COVER

The Tiger of Chʻin; (Record no. 128749)

MARC details
000 -LEADER
fixed length control field 00843cam a22002531 4500
001 - CONTROL NUMBER
control field 10311793
003 - CONTROL NUMBER IDENTIFIER
control field ARRUPE
005 - DATE AND TIME OF LATEST TRANSACTION
control field 20190109114439.0
008 - FIXED-LENGTH DATA ELEMENTS--GENERAL INFORMATION
fixed length control field 720919s1962 nyua 000 0 eng
010 ## - LIBRARY OF CONGRESS CONTROL NUMBER
LC control number 62008352
035 ## - SYSTEM CONTROL NUMBER
System control number (OCoLC)408778
040 ## - CATALOGING SOURCE
Original cataloging agency DLC
Transcribing agency OFiC
Modifying agency OCoLC
-- DLC
050 00 - LIBRARY OF CONGRESS CALL NUMBER
Classification number DS747.5
Item number .C6
082 ## - DEWEY DECIMAL CLASSIFICATION NUMBER
Classification number 951.01
300 ## - PHYSICAL DESCRIPTION
Other physical details illus.
Dimensions 22 cm.
100 1# - MAIN ENTRY--PERSONAL NAME
Personal name Cottrell, Leonard.
9 (RLIN) 28901
245 14 - TITLE STATEMENT
Title The Tiger of Chʻin;
Remainder of title how China became a Nation
Statement of responsibility, etc Leonard Cottrell
260 ## - PUBLICATION, DISTRIBUTION, ETC. (IMPRINT)
Place of publication, distribution, etc London
Name of publisher, distributor, etc Pan Books Ltd.
Date of publication, distribution, etc 1962
300 ## - PHYSICAL DESCRIPTION
Extent 206 p. ;
600 00 - SUBJECT ADDED ENTRY--PERSONAL NAME
Personal name Qin shi huang,
Titles and other words associated with a name Emperor of China,
Dates associated with a name 259 B.C.-210 B.C.
9 (RLIN) 43912
651 #0 - SUBJECT ADDED ENTRY--GEOGRAPHIC NAME
Geographic name China
General subdivision History
Chronological subdivision Qin dynasty, 221-207 B.C.
9 (RLIN) 43913
906 ## - LOCAL DATA ELEMENT F, LDF (RLIN)
a 7
b cbc
c oclcrpl
d u
e ncip
f 19
g y-gencatlg
942 ## - ADDED ENTRY ELEMENTS (KOHA)
Source of classification or shelving scheme Library of Congress Classification
Koha item type Monograph ( Printed materials)
Holdings
Withdrawn status Lost status Source of classification or shelving scheme Damaged status Not for loan Collection code Home library Current library Shelving location Date acquired Total Checkouts Full call number Barcode Date last seen Price effective from Koha item type
    Library of Congress Classification     Main Collection ARRUPE LIBRARY ARRUPE LIBRARY Main Collection 09/01/2019   SPC DS747.5 .C6 46600002786 09/01/2019 09/01/2019 SPC

 

Arrupe Library. PO Box MP320 Mt Pleasant, Harare, Zimbabwe
263 242 745411|librarian@aju.ac.zw